000 00296nam a2200109Ia 4500
001 1263925
005 20260417141928.0
008 260417s9999 xx 000 0 und d
020 _a9789752482180
245 0 _aBöyle Şeyler Filmlerde Olur
_cİsmail Kılıçarslan
260 _bKetebe Yayınları
999 _c1263925
_d1263925